00561nam a22001697a 450000500170000001000150001702000270003203500130005903700130007208200120008510000220009724500890011926000310020827000780023930000240031750000500034120150811113544.0 aENG-113595 a9780415811941c1195.00 aEN-97127 bDBAD/PUB a954.162 aSaikia, Arupjyoti aA century of protests :cby Arupjyoti Saikiabpeasant politics in Assam since 1900 / aNew DelhibRoutledgec2014 a912 Tolstoy House, 15-17 Tolstoy Marg, Connaught PlacebNew Delhie110001 axvi,480p.c23cm(Hb) aIncludes bibliographical references and index